Les Buteurs des Finales de Coupe de France depuis 2000 - Statistiques

Statistiques générales
  • Ce quiz a été pris 140 fois
    32 depuis la dernière actualisation
  • Le résultat moyen est 24 sur 62
Statistiques - réponses
Année Finale Score Final Buteur Évolution
du score
% Correct
" " " Kylian Mbappé 0-2
96%
" " " Edinson Cavani 0-2
89%
" " " Edinson Cavani 1-3
89%
2015 AJ Auxerre - Paris SG 0-1 Edinson Cavani 0-1
89%
" " " Zlatan Ibrahimovic 1-2
89%
" " " Zlatan Ibrahimovic 1-4
89%
2025 Paris SG - Stade de Reims 3-0 Bradley Barcola 1-0
86%
" " " Bradley Barcola 2-0
86%
2020 Paris SG - AS Saint-Etienne 1-0 Neymar 1-0
86%
" " " Neymar 0-2
86%
2024 Olympique Lyonnais - Paris SG 1-2 Ousmane Dembélé 0-1
86%
" " " Ludovic Blas 4-1
68%
2022 OGC Nice - FC Nantes 0-1 Ludovic Blas 0-1
68%
2004 Paris SG - LB Chateauroux 1-0 Pauleta 1-0
61%
" " " Achraf Hakimi 3-0
57%
2007 FC Sochaux Montbéliard - Olympique Marseille 2-2 Djibril Cissé 0-1
57%
" " " Djibril Cissé 1-2
57%
" " " Djibril Cissé 1-1
57%
" " " Fabian Ruiz 0-2
57%
" " " Florian Thauvin 1-1
50%
2010 AS Monaco - Paris SG 0-1 Guillaume Hoarau 0-1
50%
2021 AS Monaco - Paris SG 0-2 Mauro Icardi 0-1
50%
" " " Thijs Dallinga 3-0
46%
" " " Thijs Dallinga 4-0
46%
2008 Olympique Lyonnais - Paris SG 1-0 Sidney Govou 1-0
43%
2013 FC Girondins de Bordeaux - Evian Thonon Gaillard FC 3-2 Cheick Diabaté 1-0
39%
" " " Cheick Diabaté 3-2
39%
2019 Stade Rennais FC - Paris SG 2-2 Dani Alves 0-1
39%
" " " Jake O'Brien 1-2
36%
2016 Olympique Marseille - Paris SG 2-4 Blaise Matuidi 0-1
32%
2012 Olympique Lyonnais - US Quevilly 1-0 Lisandro Lopez 1-0
32%
" " " Zakaria Aboukhlal 5-1
32%
2006 Paris SG - Olympique Marseille 2-1 Bonaventure Kalou 1-0
29%
" " " Bonaventure Kalou 2-1
29%
2023 Toulouse FC - FC Nantes 5-1 Logan Costa 1-0
29%
" " " Logan Costa 2-0
29%
" " " Eduardo 1-1
25%
" " " Eduardo 1-1
25%
2002 FC Lorient - SC Bastia 1-0 Jean-Claude Darcheville 1-0
25%
2011 Paris SG - Lille OSC 0-1 Ludovic Obraniak 0-1
21%
" " " Mexer 2-2
21%
" " " Michy Batshuayi 2-4
18%
" " " Brice Dja Djédjé 2-2
14%
" " " Jean-Alain Boumsong 2-1
14%
" " " Mustapha Yatabaré 0-2
14%
" " " Presnel Kimpembe (csc) 1-2
14%
" " " Vikash Dhorasoo 2-0
14%
" " " Anthony Le Tallec 2-2
11%
" " " Henri Saivet 2-1
11%
2017 Angers SCO - Paris SG 0-1 Issa Cissokho (csc) 0-1
11%
2014 Stade Rennais FC - EA Guingamp 0-2 Martins Pereira 0-1
11%
" " " Moumouni Dagano 1-1
11%
2009 EA Guingamp - Stade Rennais FC 2-1 Carlos Bocanegra 0-1
7%
2003 AJ Auxerre - Paris SG 2-1 Hugo Leal 0-1
7%
" " " Toifilou Maoulida 2-1
7%
" " " Yannick Sagbo 1-1
7%
" " " Antoine Sibierski 1-1
4%
" " " Antoine Sibierski 2-1
4%
2005 AJ Auxerre - CS Sedan Ardennes 2-1 Benjani 1-0
4%
2018 Les Herbiers VF - Paris SG 0-2 Giovani Lo Ceslo 0-1
4%
2000 FC Nantes - Calais RUFC 2-1 Jêrome Dutitre 0-1
4%
" " " Stéphane Noro 1-1
4%
Aucun quiz correspondant
Distribution des résultats
% des personnes avec chaque résultat
Percentile par nombre de réponses
Votre historique - résultats
Vous n’avez pas pris ce quiz depuis la dernière actualisation